Algunas orientaciones curriculares para la educación intercultural bilingüe en contextos andinos

שמור ב:
מידע ביבליוגרפי
מחבר ראשי: Fernández Canque, Emilio (Author)
פורמט: ספר
שפה:ספרדית
אראוקנית
יצא לאור: Santiago Ministerio de Educación 2002
נושאים:
תגים: הוספת תג
אין תגיות, היה/י הראשונ/ה לתייג את הרשומה!

MARC

LEADER 00000nam a2200000 a 4500
001 UCM8233
003 CL-VaPUC
008 030228e20020000CL |||||||||||||||||spa|d
041 0 7 |a spa  |2 CL-VaPUC 
041 0 7 |a arn  |2 CL-VaPUC 
082 0 4 |a 498.8  |b FER  |2 21 
100 0 |a Fernández Canque, Emilio  |e author  |9 474220 
245 1 0 |a Algunas orientaciones curriculares para la educación intercultural bilingüe en contextos andinos 
300 |a 72 p 
942 |c BK 
945 |d 20030228 00:00:00  |a cmena 
260 |a Santiago  |b Ministerio de Educación  |c 2002 
650 0 |a Educación lingüística  |9 306506 
650 0 |a Bilingüismo  |9 307482 
650 0 |a Planificación del currículo  |9 269599 
650 0 |a Educación básica   |9 224933 
583 |a last modification  |c 20030228 00:00:00  |k Rodrigo Vera 
999 |c 302810  |d 302808 
952 |0 0  |1 0  |4 0  |6 498_800000000000000_FER_2002  |7 0  |8 P  |9 363571  |a BIBEDU  |b BIBEDU  |c BIBEDU_PB  |d 2019-11-21  |i 388029K  |o 498.8 FER 2002  |p 388029K  |r 2024-01-25  |w 2019-11-21  |y BK  |k EPE 
952 |0 0  |1 0  |4 0  |6 498_800000000000000_FER_2002  |7 0  |8 X  |9 363572  |a FDOMLP  |b FDOMLP  |d 2019-11-21  |i 3901394  |o 498.8 FER 2002  |p 3901394  |r 2019-11-21  |w 2019-11-21  |y BK_X  |k BU2 
952 |0 0  |1 0  |4 0  |6 498_800000000000000_FER_2002  |7 0  |8 P  |9 363573  |a BIBEDU  |b BIBEDU  |c BIBEDU_PB  |d 2019-11-21  |i 4174100  |o 498.8 FER 2002  |p 4174100  |r 2024-01-25  |w 2019-11-21  |y BK  |k EBA